[Event "HUN-chT2 9495"]
[Site "HUN"]
[Date "1995.??.??"]
[Round "?"]
[White "Bartha, Sandor"]
[Black "Palvolgyi, Istvan"]
[Result "1-0"]
[WhiteElo "2205"]
[BlackElo "2245"]
[PlyCount "87"]
[EventDate "1994.??.??"]
[Source "www.chesslib.no"]
[SourceDate "2004.05.04"]

1. d4 Nf6 2. Nf3 g6 3. c4 Bg7 4. Nc3 O-O 5. e4 d6 6. Bg5 Nbd7 7. Be2 c5 8. d5 a6 9. O-O h6 10. Bd2 Rb8 11. a4 Ne8 12. Qc1 Kh7 13. Ne1 Nc7 14. f4 e6 15. f5 Ne5 16. fxg6+ fxg6 17. Rxf8 Bxf8 18. Nf3 Nxf3+ 19. Bxf3 Bg7 20. Be3 b5 21. Be2 bxc4 22. Bxc4 exd5 23. exd5 Qh4 24. b3 Bf5 25. Ra2 Ne8 26. Bf2 Qd8 27. Ne2 Nf6 28. h3 Qg8 29. Ng3 Be4 30. Nxe4 Nxe4 31. Be3 Qf7 32. Qf1 Qb7 33. Qd3 Nf6 34. Rf2 Re8 35. Re2 Re5 36. Bf4 Rxe2 37. Qxe2 Qd7 38. Qe6 Qxe6 39. dxe6 d5 40. Bxa6 Bf8 41. Be5 Ne8 42. Bb7 d4 43. a5 d3 44. Kf1 1-0

[Event "Novosibirsk op"]
[Site "Novosibirsk"]
[Date "2001.07.28"]
[Round "10"]
[White "Shevchenko, Vitaly"]
[Black "Botvinkov, Anton"]
[Result "0-1"]
[WhiteElo "2208"]
[BlackElo "2220"]
[PlyCount "29"]
[EventDate "2001.07.18"]
[Source "ChessBase"]
[SourceDate "2001.09.11"]

1. Nf3 Nf6 2. d4 g6 3. c4 Bg7 4. Nc3 O-O 5. Bg5 d6 6. e4 Nbd7 7. Be2 c6 8. O-O e5 9. dxe5 dxe5 10. Qc2 Qc7 11. Rad1 a5 12. a3 Nc5 13. b4 axb4 14. axb4 Ne6 15. Nxe5 0-1

[Event "Toulon"]
[Site "?"]
[Date "2001.11.01"]
[Round "5"]
[White "Gozzoli Cyrille"]
[Black "Gozzoli Yannick"]
[Result "0-1"]
[WhiteElo "2121"]
[BlackElo "2305"]
[PlyCount "74"]
[EventDate "2001.??.??"]
[Source "www.chesslib.no"]
[SourceDate "2004.05.04"]

1. d4 Nf6 2. Nf3 g6 3. c4 Bg7 4. Nc3 O-O 5. e4 d6 6. Bg5 h6 7. Bh4 Nbd7 8. Be2 e5 9. d5 a5 10. a4 Nc5 11. Nd2 Qe8 12. f3 Nh5 13. Nb3 Nf4 14. Nxc5 Nxg2+ 15. Kd2 dxc5 16. Bf2 b6 17. h4 h5 18. Kc2 Qe7 19. Qg1 Nf4 20. Be3 Bd7 21. Bxf4 exf4 22. Qg5 Qe5 23. Qxe5 Bxe5 24. Nb5 f6 25. Rag1 Kf7 26. Bf1 Rh8 27. Bh3 Bxh3 28. Rxh3 Rag8 29. b3 g5 30. Kd3 gxh4 31. Rgh1 Rg3 32. Rxh4 Rxf3+ 33. Kc2 Rf2+ 34. Kd3 Rg8 35. R4h3 Rgg2 36. Rd1 Rg3+ 37. Rxg3 fxg3 0-1

[Event "Berlin GER"]
[Site "?"]
[Date "2003.05.29"]
[Round "2.8"]
[White "Moehring Guenther"]
[Black "Figura Atila Gajo"]
[Result "1/2-1/2"]
[WhiteElo "2298"]
[BlackElo "2111"]
[PlyCount "70"]
[EventDate "2003.??.??"]
[Source "www.chesslib.no"]
[SourceDate "2004.05.04"]

1. Nf3 Nf6 2. c4 g6 3. Nc3 Bg7 4. e4 d6 5. d4 O-O 6. Bg5 Na6 7. Be2 Qe8 8. O-O e5 9. d5 Nh5 10. Qd2 f6 11. Be3 f5 12. exf5 gxf5 13. Bh6 Qg6 14. Bxg7 Nf4 15. g3 Qxg7 16. Kh1 Nxe2 17. Nxe2 Kh8 18. Ne1 f4 19. gxf4 Nc5 20. f3 e4 21. fxe4 Nxe4 22. Qd4 Qxd4 23. Nxd4 Bh3 24. Rf3 Rg8 25. Ne6 Bg4 26. Re3 Nf2+ 27. Kg2 Nd1 28. Rg3 Nxb2 29. Rb1 Nxc4 30. Rxb7 Ne3+ 31. Rxe3 Bxe6+ 32. Kf2 Bxd5 33. Rxc7 Rg7 34. Rxg7 Kxg7 35. a3 Kf6 1/2-1/2

[Event "Buenos Aires ol (Men)"]
[Site "Buenos Aires ARG"]
[Date "1978.??.??"]
[Round "11"]
[White "Hanno, Harold"]
[Black "Liew, Chee-Meng-Jimmy"]
[Result "0-1"]
[WhiteElo "2200"]
[BlackElo "2200"]
[PlyCount "99"]
[EventDate "1978.10.25"]
[Source "www.chesslib.no"]
[SourceDate "2004.05.04"]

1. d4 Nf6 2. c4 g6 3. Nc3 Bg7 4. e4 d6 5. Bg5 O-O 6. Nf3 h6 7. Bh4 Nbd7 8. Be2 c5 9. d5 Rb8 10. a4 a6 11. O-O Nh5 12. Qd2 Ndf6 13. Bxf6 Nxf6 14. h3 Nd7 15. Rab1 Kh8 16. Nh2 g5 17. f4 gxf4 18. Rxf4 Ne5 19. b3 Qa5 20. Rbf1 Nxc4 21. Bxc4 Qxc3 22. Qxc3 Bxc3 23. Rxf7 Bd4+ 24. Kh1 Rxf7 25. Rxf7 b5 26. axb5 axb5 27. Be2 Bf6 28. e5 dxe5 29. Bd3 Kg8 30. Bg6 Bd7 31. Rh7 Bg7 32. Ng4 Bxg4 33. hxg4 Rb6 34. Be4 Ra6 35. Kh2 Ra3 36. g5 hxg5 37. Rh3 Kf8 38. Rf3+ Ke8 39. Bd3 c4 40. bxc4 e4 41. Bxe4 Rxf3 42. gxf3 bxc4 43. Kg2 Kd7 44. Kf2 Kd6 45. Ke2 Kc5 46. Ke3 Be5 47. Ke2 Kd4 48. Kf2 g4 49. Ke2 g3 50. Kf1 0-1

[Event "CZE-chT1b 9697"]
[Site "Czech Republic"]
[Date "1997.??.??"]
[Round "?"]
[White "Vacek, Martin"]
[Black "Vavra, Radim"]
[Result "1-0"]
[WhiteElo "2235"]
[BlackElo "2155"]
[PlyCount "65"]
[EventDate "1996.??.??"]
[Source "www.chesslib.no"]
[SourceDate "2004.05.04"]

1. d4 Nf6 2. Nf3 g6 3. c4 Bg7 4. Nc3 O-O 5. e4 d6 6. Bg5 Na6 7. Qd2 Qe8 8. Be2 e5 9. d5 Bd7 10. O-O Nc5 11. Qc2 Nh5 12. b4 Na6 13. Rab1 f5 14. Nd2 Nf4 15. Bxf4 exf4 16. Bd3 Qf7 17. exf5 Bxf5 18. Nce4 Kh8 19. Nf3 h6 20. Nh4 Be5 21. Nxf5 gxf5 22. Nd2 Qg6 23. Nf3 Rg8 24. g3 Raf8 25. Kh1 Qh5 26. Nxe5 dxe5 27. Qe2 Qe8 28. c5 f3 29. Qxf3 e4 30. Qf4 Qh5 31. Bc4 Rg4 32. Qe5+ Kh7 33. Be2 1-0

[Event "Moscow-ch"]
[Site "Moscow"]
[Date "1996.??.??"]
[Round "6"]
[White "Khromov, Vladimir V"]
[Black "Korneev, Dm V"]
[Result "0-1"]
[WhiteElo "2240"]
[BlackElo "2145"]
[PlyCount "100"]
[EventDate "1996.08.??"]
[Source "www.chesslib.no"]
[SourceDate "2004.05.04"]

1. Nf3 Nf6 2. d4 g6 3. c4 Bg7 4. Nc3 O-O 5. e4 d6 6. Bg5 Na6 7. Qd2 Qe8 8. Bd3 e5 9. d5 Nh5 10. O-O-O f5 11. Ne1 Nc5 12. f3 Nxd3+ 13. Nxd3 a6 14. Kb1 Rf7 15. Rhe1 Qf8 16. Be3 b6 17. a3 fxe4 18. Nxe4 h6 19. b4 Bf5 20. Kc2 a5 21. Ra1 Kh7 22. Kb3 Qe7 23. Ra2 Nf6 24. Ndf2 b5 25. Nxf6+ Qxf6 26. cxb5 a4+ 27. Kc3 Qh4 28. Ne4 Rb8 29. g3 Qd8 30. b6 cxb6 31. b5 Bd7 32. Qe2 Be8 33. Kd2 Qd7 34. Rb2 Qa7 35. Rc1 Bf8 36. Rb4 Qb7 37. Nc3 Rc8 38. Rxa4 Rxc3 39. Kxc3 Qxd5 40. Rb1 Rc7+ 41. Kb2 Qe6 42. Rc1 Bf7 43. Ka1 Rxc1+ 44. Bxc1 Bg7 45. Rb4 d5 46. Bb2 d4 47. Kb1 g5 48. Kc1 Qa2 49. f4 gxf4 50. gxf4 exf4 0-1

[Event "Hlohovec Open"]
[Site "Hlohovec"]
[Date "1995.??.??"]
[Round "?"]
[White "Szamos, Alexander"]
[Black "Pal, Peter"]
[Result "1/2-1/2"]
[WhiteElo "2100"]
[BlackElo "2285"]
[PlyCount "34"]
[EventDate "1995.??.??"]
[Source "www.chesslib.no"]
[SourceDate "2004.05.04"]

1. d4 Nf6 2. c4 d6 3. Nc3 g6 4. e4 Bg7 5. Nf3 O-O 6. Bg5 h6 7. Be3 Nbd7 8. Be2 c5 9. h3 a6 10. O-O Kh7 11. Qd2 Rb8 12. Rfd1 cxd4 13. Nxd4 Nc5 14. Bf3 Bd7 15. b4 Ne6 16. Rac1 Rc8 17. Nxe6 Bxe6 1/2-1/2

[Event "Villa Martelli CAVM-ch"]
[Site "?"]
[Date "2000.07.14"]
[Round "1.1"]
[White "Miserendino Alfredo"]
[Black "Cervetto Esteban"]
[Result "1-0"]
[WhiteElo "2237"]
[BlackElo "2145"]
[PlyCount "47"]
[EventDate "2000.??.??"]
[Source "www.chesslib.no"]
[SourceDate "2004.05.04"]

1. Nf3 Nf6 2. d4 g6 3. c4 Bg7 4. Nc3 O-O 5. e4 d6 6. Bg5 Na6 7. e5 dxe5 8. dxe5 Ng4 9. Qxd8 Rxd8 10. Nd5 f6 11. Nxe7+ Kf7 12. exf6 Nxf6 13. Nxc8 Nb4 14. Rc1 Nxa2 15. Ne5+ Ke6 16. Rc2 Kxe5 17. Re2+ Kf5 18. f4 Nc1 19. Re5+ Kg4 20. h3+ Kh5 21. g4+ Nxg4 22. hxg4+ Kxg4 23. Rg1+ Kh5 24. Bf6+ 1-0

[Event "Prague Cedok op"]
[Site "Prague"]
[Date "1996.??.??"]
[Round "9"]
[White "Khromov, Vladimir V"]
[Black "Kuznetsov, Oleg Y"]
[Result "1/2-1/2"]
[WhiteElo "2235"]
[BlackElo "2145"]
[PlyCount "37"]
[EventDate "1996.??.??"]
[Source "www.chesslib.no"]
[SourceDate "2004.05.04"]

1. Nf3 Nf6 2. d4 g6 3. c4 Bg7 4. Nc3 O-O 5. e4 d6 6. Bg5 h6 7. Bf4 g5 8. Be3 Ng4 9. Be2 Nxe3 10. fxe3 e5 11. d5 g4 12. Ng1 Qh4+ 13. g3 Qg5 14. Kd2 h5 15. h4 Qg6 16. Bd3 Na6 17. Nge2 Nc5 18. Bc2 f5 19. Qb1 1/2-1/2

[Event "Bratislava Slovan Open"]
[Site "Bratislava SVK"]
[Date "1995.??.??"]
[Round "?"]
[White "Brestak, Jan"]
[Black "Kalousek, Vladimir"]
[Result "1-0"]
[WhiteElo "2225"]
[BlackElo "2150"]
[PlyCount "163"]
[EventDate "1995.??.??"]
[Source "www.chesslib.no"]
[SourceDate "2004.05.04"]

1. c4 Nf6 2. Nc3 g6 3. Nf3 Bg7 4. e4 d6 5. d4 O-O 6. Bg5 c5 7. d5 e5 8. Nd2 a6 9. Bd3 Qe8 10. Qf3 Nbd7 11. g4 h6 12. Be3 Nh7 13. Qg3 Ndf6 14. h3 Kh8 15. Rg1 Ng8 16. a3 Bd7 17. b4 b6 18. Ke2 Qd8 19. Rab1 Bf6 20. Nf3 Be7 21. Bc2 Rb8 22. Rb2 Qc7 23. Bd3 Kg7 24. Rgb1 Rfc8 25. Nd2 Bf6 26. Rb3 Nf8 27. Qg1 Be8 28. Nf3 Be7 29. R1b2 Nd7 30. Qb1 Bd8 31. Nd2 Bf6 32. Bc2 Ne7 33. Ke1 Bh4 34. Ne2 Bf6 35. Rd3 Nf8 36. Qc1 Ng8 37. Rb1 Qa7 38. Qd1 Be7 39. Rdb3 Nd7 40. R3b2 Bf6 41. Ba4 Qc7 42. Nc1 Be7 43. Nd3 Kh7 44. Bc6 Nf8 45. bxc5 dxc5 46. Bxe8 Rxe8 47. Qa4 Nd7 48. Nf3 Kg7 49. Qc6 Rec8 50. Qxc7 Rxc7 51. a4 a5 52. Ng1 g5 53. Ne2 Ngf6 54. f3 Ne8 55. Kf2 Bf8 56. Ng3 Nd6 57. Rc1 Kg6 58. Ke2 Bg7 59. Kd2 Re8 60. Kc3 Bf6 61. Rcb1 Rb8 62. Nf2 Bd8 63. Kd3 Rcc8 64. Rh1 Bc7 65. Nd1 Rh8 66. h4 f6 67. Nc3 Rbe8 68. Rbh2 Bd8 69. Nf5 Nxf5 70. exf5+ Kg7 71. Ke4 Nb8 72. Nb5 Na6 73. Bd2 h5 74. hxg5 hxg4 75. Rxh8 Rxh8 76. Rxh8 Kxh8 77. fxg4 fxg5 78. Kxe5 Kg7 79. Ke6 Bf6 80. Nd6 Bd4 81. Bxg5 Kf8 82. Be7+ 1-0

[Event "Bahn-chT S+W"]
[Site "Friedrichroda"]
[Date "1997.10.26"]
[Round "1.2"]
[White "Funk, Paul"]
[Black "Mueller, Klaus Uwe"]
[Result "0-1"]
[WhiteElo "2129"]
[BlackElo "2228"]
[PlyCount "64"]
[EventDate "1997.10.25"]
[Source "www.chesslib.no"]
[SourceDate "2004.05.04"]

1. d4 Nf6 2. Nf3 g6 3. c4 Bg7 4. Nc3 O-O 5. e4 d6 6. Bg5 h6 7. Be3 Nbd7 8. Be2 e5 9. d5 Ng4 10. Bc1 f5 11. h3 Ngf6 12. Nd2 c6 13. Bf3 Nc5 14. Qe2 cxd5 15. cxd5 a5 16. O-O b6 17. Qd1 Ra7 18. Re1 Raf7 19. exf5 gxf5 20. Be2 e4 21. Nf1 Nfd7 22. Bf4 Ne5 23. Ng3 Ned3 24. Qd2 Kh7 25. Nh5 Rg8 26. Rf1 Nxf4 27. Qxf4 Be5 28. Qd2 f4 29. Nxe4 Bxh3 30. Nxc5 Rxg2+ 31. Kh1 Qh4 32. Bf3 Rg6 0-1

[Event "USA Ch women"]
[Site "United States of America"]
[Date "1993.??.??"]
[Round "?"]
[White "Root, Alexey"]
[Black "Belakovskaia, Anjelina"]
[Result "0-1"]
[WhiteElo "2055"]
[BlackElo "2290"]
[PlyCount "60"]
[EventDate "1993.??.??"]
[Source "www.chesslib.no"]
[SourceDate "2004.05.04"]

1. d4 Nf6 2. Nf3 g6 3. c4 Bg7 4. Nc3 d6 5. e4 O-O 6. Bg5 c6 7. Nd2 Nbd7 8. Be2 Qb6 9. Nb3 a5 10. a4 e5 11. d5 cxd5 12. cxd5 Qb4 13. O-O h6 14. Bd2 Nxe4 15. Nxe4 Qxe4 16. Bxa5 Nf6 17. Bf3 Qf5 18. Bc3 e4 19. Be2 Qxd5 20. Qxd5 Nxd5 21. Bxg7 Kxg7 22. Rfd1 Nf4 23. Bb5 Rd8 24. Rd2 Be6 25. Nd4 Bd7 26. g3 Bxb5 27. Nxb5 Nd3 28. Kg2 d5 29. b3 Rac8 30. Nd4 Kf6 0-1

[Event "It (Open) Obrenovac SCG"]
[Site "?"]
[Date "2005.11.24"]
[Round "3"]
[White "Sarovski Nikola"]
[Black "Dimitrievski Dragi"]
[Result "0-1"]
[WhiteElo "2083"]
[BlackElo "2260"]
[PlyCount "64"]
[EventDate "2005.??.??"]
[Source "www.chesslib.no"]
[SourceDate "2004.05.04"]

1. Nf3 Nf6 2. c4 g6 3. Nc3 Bg7 4. e4 d6 5. d4 O-O 6. Bg5 h6 7. Be3 e5 8. dxe5 dxe5 9. Qc1 Kh7 10. Be2 c6 11. O-O Qe7 12. Rd1 Na6 13. b3 Re8 14. h3 Nc5 15. Bd3 Nxd3 16. Rxd3 Nh5 17. c5 f5 18. Rd6 f4 19. Bd2 g5 20. Nh2 Nf6 21. Qd1 h5 22. Rxf6 Bxf6 23. Qxh5+ Kg7 24. Na4 g4 25. Nxg4 Rh8 26. Nxf6 Rxh5 27. Nxh5+ Kg6 28. g4 Qh4 29. Kg2 f3+ 30. Kxf3 Qxh3+ 31. Ng3 Bxg4+ 32. Ke3 Qh6+ 0-1

[Event "Dato Arthur Tan Malaysian Op"]
[Site "Kuala Lumpur MAS"]
[Date "2007.08.21"]
[Round "3"]
[White "Ton That Nhu Tung"]
[Black "Ramnath, B."]
[Result "0-1"]
[WhiteElo "2247"]
[BlackElo "2080"]
[PlyCount "74"]
[EventDate "2007.08.20"]
[Source "www.chesslib.no"]
[SourceDate "2004.05.04"]

1. d4 Nf6 2. c4 g6 3. Nc3 Bg7 4. e4 d6 5. Nf3 O-O 6. Bg5 c5 7. Be2 Qa5 8. O-O cxd4 9. Nd5 Nc6 10. Bxf6 exf6 11. Nxd4 Nxd4 12. Qxd4 f5 13. Nf6+ Kh8 14. Qxd6 Rd8 15. Qe7 Be6 16. Rad1 Bf8 17. Rxd8 Rxd8 18. Qxb7 Qe5 19. Nd5 Qxe4 20. Bf3 Qxc4 21. Nc3 Bc5 22. Be2 Qf4 23. Qc6 Bb6 24. Bf3 Rd2 25. Ne2 Qb4 26. h4 Qxb2 27. h5 Kg7 28. Re1 Qe5 29. h6+ Kxh6 30. Qc1 Qb2 31. Qc6 Kg7 32. a4 Rc2 33. Qd6 Bc4 34. Qe7 Qf6 35. Qb4 Qe5 36. Qb1 Rb2 37. Qd1 Ba5 0-1

[Event "Patras op"]
[Site "Patras"]
[Date "2002.08.04"]
[Round "5.12"]
[White "Braushi, E."]
[Black "Zozulia, Anna"]
[Result "0-1"]
[WhiteElo "2000"]
[BlackElo "2309"]
[PlyCount "102"]
[EventDate "2002.08.??"]
[Source "ChessBase"]
[SourceDate "2002.09.11"]

1. d4 Nf6 2. c4 g6 3. Nc3 Bg7 4. e4 d6 5. Nf3 O-O 6. Bg5 h6 7. Bh4 Nbd7 8. Bd3 e5 9. d5 c6 10. Qd2 cxd5 11. Nxd5 g5 12. Bg3 Nxd5 13. cxd5 f5 14. exf5 e4 15. Bxe4 Re8 16. Qc2 Nc5 17. Nd2 Bxb2 18. O-O Bxa1 19. Rxa1 Nxe4 20. Nxe4 Bxf5 21. f3 Bxe4 22. fxe4 Rc8 23. Qd3 Qb6+ 24. Kh1 Qb2 25. Rg1 Rc1 26. h3 Qc2 27. Qf3 Rf8 28. Qg4 Rxg1+ 29. Kxg1 Qc8 30. Qh5 Qc5+ 31. Kh2 Kh7 32. Qg4 Qc8 33. Qe2 Qd7 34. Qd3 a6 35. a4 b5 36. axb5 axb5 37. e5+ Qf5 38. Qxb5 dxe5 39. d6 e4 40. Qb6 Rf7 41. Qe3 Qd5 42. Qc3 Qe6 43. Qe3 Rb7 44. Qc3 Kg8 45. Qe3 Rf7 46. Kg1 Kh7 47. Kh2 Kg6 48. Qd4 e3 49. Be5 e2 50. Qe4+ Rf5 51. g4 Qxe5+ 0-1

[Event "POL Team Ch reg"]
[Site "Poland"]
[Date "1995.??.??"]
[Round "?"]
[White "Lubosik, Zbigniew"]
[Black "Michalczyk, Stanislaw"]
[Result "1/2-1/2"]
[WhiteElo "2165"]
[BlackElo "2140"]
[PlyCount "54"]
[EventDate "1995.??.??"]
[Source "www.chesslib.no"]
[SourceDate "2004.05.04"]

1. d4 Nf6 2. Nf3 g6 3. c4 Bg7 4. Nc3 O-O 5. e4 d6 6. Bg5 h6 7. Bh4 Nc6 8. Be2 e5 9. dxe5 dxe5 10. Qxd8 Rxd8 11. Bxf6 Bxf6 12. Nd5 Bg7 13. Nxc7 Rb8 14. O-O f5 15. Rfd1 Rxd1+ 16. Rxd1 fxe4 17. Nd2 Nd4 18. Re1 Bf5 19. Bd1 Rd8 20. Nxe4 Rc8 21. Nd5 Rxc4 22. Nd6 Rc1 23. Ne7+ Kf8 24. Nexf5 gxf5 25. Nxb7 e4 26. Kf1 Be5 27. Na5 Nc2 1/2-1/2

[Event "Cseppko Open"]
[Site "Aggtelek"]
[Date "1995.??.??"]
[Round "?"]
[White "Dekany, Lajos"]
[Black "Arato, Bela"]
[Result "1-0"]
[WhiteElo "2245"]
[BlackElo "2050"]
[PlyCount "63"]
[EventDate "1995.??.??"]
[Source "www.chesslib.no"]
[SourceDate "2004.05.04"]

1. d4 Nf6 2. Nf3 g6 3. c4 Bg7 4. Nc3 O-O 5. e4 d6 6. Bg5 c5 7. d5 e5 8. h3 h6 9. Be3 Nh5 10. g3 f5 11. exf5 gxf5 12. Nxe5 Nxg3 13. fxg3 Bxe5 14. Rg1 Qf6 15. Qd2 Kh7 16. O-O-O Na6 17. Bd3 Bd7 18. Rdf1 Bd4 19. g4 Bxe3 20. Qxe3 Rae8 21. Qd2 Qd4 22. gxf5 Re3 23. Qg2 Qf6 24. Ne4 Rxe4 25. Bxe4 Be8 26. Qd2 Nb4 27. a3 Na6 28. Rg6 Qh4 29. f6 Bxg6 30. Bxg6+ Kxg6 31. Qc2+ Kf7 32. Qh7+ 1-0

[Event "Badalona op"]
[Site "Badalona"]
[Date "1998.??.??"]
[Round "?"]
[White "Pujol, R."]
[Black "Gutierrez, J."]
[Result "0-1"]
[WhiteElo "2120"]
[BlackElo "2170"]
[PlyCount "78"]
[EventDate "1998.??.??"]
[Source "www.chesslib.no"]
[SourceDate "2004.05.04"]

1. d4 Nf6 2. Nf3 g6 3. c4 Bg7 4. Nc3 O-O 5. e4 d6 6. Bg5 c6 7. Qd2 Qc7 8. Be2 Nbd7 9. O-O Re8 10. Rac1 e5 11. d5 Nc5 12. Qc2 a5 13. b3 Nh5 14. Rfd1 f5 15. Nd2 Nf6 16. Bf3 h6 17. Be3 Ncd7 18. Nf1 f4 19. Bd2 g5 20. h3 h5 21. Nh2 Nf8 22. Be1 g4 23. hxg4 hxg4 24. Be2 c5 25. f3 g3 26. Nf1 Ng6 27. Qd2 Bf8 28. Nxg3 fxg3 29. Qg5 Qg7 30. Bxg3 Be7 31. Qd2 Nh5 32. Bf2 Ngf4 33. g4 Nh3+ 34. Kf1 Nxf2 35. Kxf2 Bh4+ 36. Kg2 Nf4+ 37. Kf1 Qh6 38. Qe3 Bg3 39. Qg1 Qh3+ 0-1

[Event "USA Ch women"]
[Site "United States of America"]
[Date "1993.??.??"]
[Round "?"]
[White "Root, Alexey"]
[Black "Kahn, Anna"]
[Result "0-1"]
[WhiteElo "2055"]
[BlackElo "2230"]
[PlyCount "90"]
[EventDate "1993.??.??"]
[Source "www.chesslib.no"]
[SourceDate "2004.05.04"]

1. d4 Nf6 2. Nf3 g6 3. c4 Bg7 4. Nc3 O-O 5. e4 d6 6. Bg5 h6 7. Bh4 g5 8. Bg3 Nh5 9. Be2 e6 10. d5 f5 11. Nd4 Nxg3 12. fxg3 fxe4 13. Nxe4 exd5 14. cxd5 Qe7 15. Nc3 Qe3 16. Nc2 Qf2+ 17. Kd2 Qxg2 18. Ne3 Bxc3+ 19. bxc3 Qe4 20. Rf1 Re8 21. Ng4 Bxg4 22. Bxg4 Qxd5+ 23. Kc1 Qxd1+ 24. Bxd1 Kg7 25. Rb1 b6 26. h4 Nd7 27. hxg5 hxg5 28. Kd2 Re5 29. Bb3 Nf6 30. Rf3 Rf8 31. Rbf1 Ne4+ 32. Kc2 Rxf3 33. Rxf3 Nf6 34. Kd3 d5 35. c4 dxc4+ 36. Kxc4 g4 37. Rd3 a6 38. Rd8 Re4+ 39. Kd3 Re8 40. Rxe8 Nxe8 41. Ke4 Nf6+ 42. Ke5 Kg6 43. Ke6 Kg5 44. Ke7 c5 45. a4 Ne4 0-1

[Event "Corr"]
[Site "?"]
[Date "2001.11.18"]
[Round "?"]
[White "Dzwonkowski Adam"]
[Black "Popovic Dragan B"]
[Result "1/2-1/2"]
[WhiteElo "2098"]
[BlackElo "2185"]
[PlyCount "90"]
[EventDate "2001.??.??"]
[Source "www.chesslib.no"]
[SourceDate "2004.05.04"]

1. d4 Nf6 2. Nf3 g6 3. c4 Bg7 4. Nc3 O-O 5. e4 d6 6. Bg5 h6 7. Bf4 Nc6 8. Qd2 Nxd4 9. Qxd4 e5 10. Nxe5 Ng4 11. O-O-O Nxe5 12. Qd2 Kh7 13. h4 f5 14. exf5 Bxf5 15. Nd5 c6 16. Ne3 Be6 17. Bg3 d5 18. h5 g5 19. Kb1 Qf6 20. cxd5 cxd5 21. Nxd5 Qf5+ 22. Qc2 Rad8 23. Qxf5+ Bxf5+ 24. Kc1 Ng4 25. Nc3 Rxd1+ 26. Kxd1 Bd4 27. f3 Rd8 28. Ke2 Re8+ 29. Kd1 Ne3+ 30. Kc1 Nxf1 31. Rxf1 Be3+ 32. Kd1 Rd8+ 33. Ke1 Bd3 34. Rh1 Ba6 35. Ne4 Rc8 36. Nc3 b6 37. a4 Kg8 38. Be5 Re8 39. Bh2 Rd8 40. Ne4 Rc8 41. Nc3 Bc1 42. Be5 Bxb2 43. Kd2 Kf7 44. Kc2 Ba3 45. Rd1 Rc6 1/2-1/2

[Event "Dallas Open"]
[Site "Dallas, TX USA"]
[Date "1996.??.??"]
[Round "4"]
[White "Root, Alexey"]
[Black "Calogridis, Michael"]
[Result "0-1"]
[WhiteElo "2035"]
[BlackElo "2240"]
[PlyCount "96"]
[EventDate "1996.??.??"]
[Source "www.chesslib.no"]
[SourceDate "2004.05.04"]

1. d4 Nf6 2. Nf3 g6 3. c4 Bg7 4. Nc3 O-O 5. e4 d6 6. Bg5 c5 7. d5 b5 8. cxb5 a6 9. bxa6 Qa5 10. Bd3 Nxa6 11. O-O h6 12. Bf4 Nh5 13. Bd2 Qb6 14. Rb1 Nb4 15. Bc4 Ba6 16. Qe2 Bxc4 17. Qxc4 Qa6 18. Qxa6 Rxa6 19. a3 Nd3 20. Ne1 Nhf4 21. g3 Nxe1 22. Rfxe1 Nd3 23. Re3 c4 24. b3 Bd4 25. bxc4 Bxe3 26. Bxe3 Rc8 27. Bxh6 Rxa3 28. Nb5 Ra2 29. Nd4 Rxc4 30. Nf3 f6 31. e5 Nxe5 32. Nxe5 dxe5 33. Rb7 g5 34. Kg2 Rcc2 35. Kf3 Kh7 36. Bf8 Kg6 37. Rxe7 Rxf2+ 38. Ke4 Rfe2+ 39. Kd3 Red2+ 40. Kc4 Rd4+ 41. Kc5 Ra5+ 42. Kc6 Raxd5 43. g4 f5 44. Rg7+ Kf6 45. h4 fxg4 46. hxg5+ Ke6 47. Be7 g3 48. Rg6+ Kf5 0-1

[Event "USA Ch women"]
[Site "Waltham"]
[Date "1992.??.??"]
[Round "9"]
[White "Root, Alexey"]
[Black "Levitan, Yuliya"]
[Result "1/2-1/2"]
[WhiteElo "2030"]
[BlackElo "2245"]
[PlyCount "91"]
[EventDate "1992.??.??"]
[Source "www.chesslib.no"]
[SourceDate "2004.05.04"]

1. d4 Nf6 2. Nf3 g6 3. c4 Bg7 4. Nc3 O-O 5. e4 d6 6. Bg5 Nbd7 7. Nd2 e5 8. d5 a5 9. Be2 b6 10. O-O Nc5 11. b3 h6 12. Bh4 g5 13. Bg3 Ne8 14. Bg4 Bxg4 15. Qxg4 f5 16. exf5 Nf6 17. Qe2 Qd7 18. Nde4 Nfxe4 19. Nxe4 Nxe4 20. Qxe4 Rxf5 21. a3 Raf8 22. Rac1 Qf7 23. Rc2 Qg6 24. h3 h5 25. Re2 g4 26. h4 Qf7 27. b4 axb4 28. axb4 Bh6 29. c5 Bf4 30. Qd3 Bxg3 31. Qxg3 bxc5 32. bxc5 Qxd5 33. cxd6 cxd6 34. Qe3 Kg7 35. Rd2 Qe6 36. Qb6 R5f6 37. Rfd1 Qf5 38. Rxd6 Qxf2+ 39. Qxf2 Rxf2 40. Re1 R8f5 41. Re6 g3 42. R6xe5 Rf1+ 43. Rxf1 Rxe5 44. Rf3 Re1+ 45. Rf1 Re4 46. Rf3 1/2-1/2

[Event "EU-ch U18 Girls"]
[Site "Peniscola"]
[Date "2002.10.01"]
[Round "3"]
[White "Roelli, Corinne"]
[Black "Komiagina, Maria"]
[Result "1-0"]
[WhiteElo "2039"]
[BlackElo "2218"]
[PlyCount "75"]
[EventDate "2002.09.29"]
[Source "ChessBase"]
[SourceDate "2002.11.06"]

1. d4 Nf6 2. c4 g6 3. Nc3 Bg7 4. e4 d6 5. Nf3 O-O 6. Bg5 Nbd7 7. Be2 e5 8. d5 h6 9. Bh4 a5 10. Nd2 Nc5 11. b3 Bd7 12. a3 Qe8 13. O-O Nh7 14. b4 axb4 15. axb4 Na4 16. Nxa4 Bxa4 17. Qb1 h5 18. f3 Bh6 19. Qd3 Bd7 20. c5 Bg5 21. Bf2 Qe7 22. Nc4 Bb5 23. Qc2 Rxa1 24. Rxa1 f5 25. Ra7 fxe4 26. Qxe4 Qf7 27. Rxb7 Nf6 28. Qc2 Bxc4 29. Bxc4 e4 30. cxd6 e3 31. Be1 Ne8 32. dxc7 Nd6 33. Rb8 Kh7 34. Bd3 Nc8 35. d6 Bf4 36. Bxg6+ Qxg6 37. Qxg6+ Kxg6 38. d7 1-0

[Event "POL-chT 2nd div North"]
[Site "?"]
[Date "1999.??.??"]
[Round "2"]
[White "Tyszkiewicz Zbigniew"]
[Black "Bylica Michal"]
[Result "1-0"]
[WhiteElo "2160"]
[BlackElo "2095"]
[PlyCount "60"]
[EventDate "1999.??.??"]
[Source "www.chesslib.no"]
[SourceDate "2004.05.04"]

1. Nf3 Nf6 2. c4 g6 3. Nc3 Bg7 4. e4 d6 5. d4 O-O 6. Bg5 h6 7. Be3 c6 8. Be2 Bg4 9. Qd2 Kh7 10. h3 Bxf3 11. Bxf3 Nbd7 12. g4 Ng8 13. h4 Qa5 14. Be2 Rab8 15. f4 b5 16. h5 bxc4 17. g5 e6 18. gxh6 Bh8 19. hxg6+ fxg6 20. Bxc4 d5 21. Bd3 Ne7 22. O-O-O c5 23. Bb1 Rbc8 24. Rdg1 Qb4 25. a3 Qb6 26. e5 cxd4 27. Bxd4 Qa5 28. Kd1 Rc4 29. Rg3 Nf5 30. Bxf5 exf5 1-0

[Event "Cannes Open"]
[Site "Cannes FRA"]
[Date "1990.??.??"]
[Round "6"]
[White "Mazzoni, Guy"]
[Black "Laurain, Guy"]
[Result "1/2-1/2"]
[WhiteElo "2255"]
[BlackElo "2000"]
[PlyCount "41"]
[EventDate "1990.02.??"]
[Source "www.chesslib.no"]
[SourceDate "2004.05.04"]

1. d4 Nf6 2. Nf3 g6 3. c4 Bg7 4. Nc3 d6 5. e4 O-O 6. Bg5 Nbd7 7. Be2 a6 8. Qc2 c6 9. O-O b5 10. a3 Qc7 11. Rac1 bxc4 12. Bxc4 Nb6 13. Bd3 Bd7 14. Nd5 Nbxd5 15. exd5 Rac8 16. Qe2 Qb8 17. dxc6 Bxc6 18. Rfe1 a5 19. Rc3 e6 20. Rec1 Bd7 21. Qc2 1/2-1/2

[Event "Enger/Spenge op"]
[Site "Enger/Spenge"]
[Date "1998.??.??"]
[Round "7"]
[White "Franke, Thomas"]
[Black "Mussgnug, Oliver"]
[Result "1-0"]
[WhiteElo "2190"]
[BlackElo "2055"]
[PlyCount "67"]
[EventDate "1999.??.??"]
[Source "www.chesslib.no"]
[SourceDate "2004.05.04"]

1. Nf3 Nf6 2. d4 g6 3. c4 Bg7 4. Nc3 O-O 5. e4 d6 6. Bg5 Nbd7 7. Be2 h6 8. Bh4 g5 9. Bg3 c5 10. O-O Qb6 11. Rb1 cxd4 12. Nxd4 Nxe4 13. Nf5 Nxg3 14. Nxe7+ Kh8 15. hxg3 Nf6 16. Nxc8 Raxc8 17. b3 Qc5 18. Bf3 Rc7 19. Qd3 Re7 20. Rbd1 Rd8 21. Rd2 g4 22. Bd1 a6 23. Bc2 Kg8 24. a4 Qh5 25. Rfd1 Rde8 26. Rf1 Re1 27. Rd1 R1e6 28. Nd5 Ne4 29. Nc7 Nxf2 30. Qh7+ Kf8 31. Nxe6+ Rxe6 32. Rxf2 Bd4 33. Rxd4 Re1+ 34. Rf1 1-0